000
00267nam a2200109Ia 4500
008
240625s9999 xx 000 0 und d
041
_a
eng
082
_a
658.4092 KOU
100
_a
KOUZES JAMES M
245
_a
TRUTH ABOUT LEADERSHIP THE NO FADES HEAR
365
_c
RS
_b
5
999
_c
32875
_d
32875